LEADER 03341oam 22007451 450 001 9910461379903321 005 20200324081358.0 010 $a0-429-90333-2 010 $a0-429-47856-9 010 $a1-283-11805-X 010 $a9786613118059 010 $a1-84940-064-4 024 8 $a10.4324/9780429478567 035 $a(CKB)2670000000093508 035 $a(EBL)709550 035 $a(OCoLC)727649339 035 $a(SSID)ssj0000525077 035 $a(PQKBManifestationID)12207408 035 $a(PQKBTitleCode)TC0000525077 035 $a(PQKBWorkID)10488100 035 $a(PQKB)10297757 035 $a(MiAaPQ)EBC709550 035 $a(Au-PeEL)EBL709550 035 $a(CaPaEBR)ebr10497285 035 $a(CaONFJC)MIL311805 035 $a(OCoLC)1063704767$z(OCoLC)1114400507 035 $a(OCoLC-P)1063704767 035 $a(FlBoTFG)9780429478567 035 $a(EXLCZ)992670000000093508 100 $a20180517d2018 uy 0 101 0 $aeng 135 $aur||||||||||| 181 $ctxt 182 $cc 183 $acr 200 10$aProjection, identification, projective identification /$fedited by Joseph Sandler 205 $a1st 210 1$aLondon :$cRoutledge,$d2018. 215 $a1 online resource (239 p.) 300 $aPapers of the first conference of the Sigmund Freud Center of the Hebrew University of Jerusalem, May 27-29, 1984. 300 $aReprint. Originally published in 1987. 311 $a0-367-32612-4 311 $a0-946439-40-0 320 $aIncludes bibliographical references and indexes. 327 $aCOVER; Contents; Contributors; Foreword; Chapter 1.Internalization and Externalization; Chapter 2. The Concept of Projective Identification; Chapter 3. Projection and Projective Identification; Chapter 4. Discussion of W.W.Meissner's Paper; Chapter 5. Projective Identification: Clinical Aspects; Chapter 6. Discussion of Betty Joseph's Paper; Chapter 7. Projection and Projective Identification: Developmental and Clinical Aspects; Chapter 8. Discussion of Otto F. Kernberg's Paper; Chapter 9. Projection, Identification, and Projective Identification: Their Relation to Political Process 327 $aChapter 10. Discussion of Rafael Moses' PaperChapter 11. Dybbuk Possession and Mechanisms of Internalization and Externalization: A Case Study; Chapter 12. Concluding Discussion; References; Name Index; Subject Index 330 $aA collection of papers focussing on all aspects of projection and identification. Contributors include: Otto Kernberg, Betty Joseph, W.W.Meissner, and Rafael Moses. 606 $aIdentification (Psychology)$vCongresses 606 $aProjection (Psychology)$vCongresses 606 $aProjective identification$vCongresses 608 $aElectronic books. 615 0$aIdentification (Psychology) 615 0$aProjection (Psychology) 615 0$aProjective identification 676 $a150.19/5 676 $a150.195 700 $aSandler$b Joseph$0169937 702 $aSandler$b Joseph 712 02$aSigmund Freud Center for Study and Research in Psychoanalysis (Universit?ah ha?Ivrit bi-Yerushalayim) 801 0$bOCoLC-P 801 1$bOCoLC-P 906 $aBOOK 912 $a9910461379903321 996 $aProjection, identification, projective identification$91892005 997 $aUNINA LEADER 01175nam a2200313 i 4500 001 991000496639707536 008 041020s2003 riua b 001 0 eng d 020 $a0821834819 035 $ab1322962x-39ule_inst 040 $aDip.to Matematica$beng 041 1 $aeng$hrus 082 0 $a511.6$222 084 $aAMS 05A15 084 $aAMS 05C30 084 $aLC QA164.8.L3613 100 1 $aLando, Sergei K.$0481729 240 10$aLektsii o proizvodiashchikh funktsiiakh.$lEnglish$928795 245 10$aLectures on generating functions /$cS. K. Lando 260 $aProvidence, R. I. :$bAmerican Mathematical Society,$cc2003 300 $axv, 148 p. :$bill. ;$c22 cm 440 0$aStudent mathematical library,$x1520-9121 ;$v23 504 $aIncludes bibliographical references (p. 145-146) and index 650 0$aGenerating functions 907 $a.b1322962x$b21-09-06$c19-10-04 912 $a991000496639707536 945 $aLE013 05A LAN11 (2003)$g1$i2013000149240$lle013$op$pE32.76$q-$rl$s- $t0$u6$v0$w6$x0$y.i13955949$z06-12-04 996 $aLektsii o proizvodiashchikh funktsiiakh$928795 997 $aUNISALENTO 998 $ale013$b19-10-04$cm$da $e-$feng$griu$h0$i0